000 00704cam a2200229 i 4500
005 20180803170402.0
008 790424s1979 nyua b 001 0 eng
020 _a0471058459
040 _aDLC
_cDLC
_dDLC
_dCO-BoIAVH
041 0 _aeng
044 _axxu
082 0 4 _a578.09
_bP61b
100 1 _aPielou, E. C.
_d1924-
_eautor
245 1 0 _aBiogeography /
_cE. C. Pielou.
260 _aNueva York (EE.UU.) :
_bWiley,
_cc1979.
300 _aix, 351 páginas :
_bilustraciones ;
_c30 x 23 cm.
500 _aIncluye índice.
504 _aIncluye referencias bibliográficas: páginas 315-335.
650 2 6 _aBiogeografía
650 2 6 _aEvolución
_xFilogenia
942 _2ddc
_cLIBRO
999 _c19487
_d19487